000
00332 a2200145 4500
001
153672
040
_c
Escola São Tomás de Aquino
100
_a
FURNARI, Eva
240
1
0
_a
A bruxinha atrapalhada
_l
por
245
1
0
_a
A bruxinha atrapalhada
362
0
_a
2003
440
1
_a
Global
697
_a
*LITERATURA INFANTO
942
_c
BK
999
_c
153672
_d
153672